000 00268nam a22001217a 4500
008 170623b xxu||||| |||| 00| 0 eng d
041 _aeng
080 _a94
100 _a21
101 _aSHP
245 _aPOLITICAL ECONOMY OF JAPAN
_cYAMMUNA.K
942 _2udc
_cBK
999 _c19058
_d19058